Friends' dictionary of synonyms and antonyms / (Record no. 11444)
[ view plain ]
| 000 -LEADER | |
|---|---|
| fixed length control field | 00695nam a2200241 a 4500 |
| 001 - CONTROL NUMBER | |
| JCCL Control Number | 11444 |
| 003 - CONTROL NUMBER IDENTIFIER | |
| JCCL marc code | BD-JhCC |
| 005 - DATE AND TIME OF LATEST TRANSACTION | |
| control field | 20221115134023.0 |
| 008 - FIXED-LENGTH DATA ELEMENTS--GENERAL INFORMATION | |
| fixed length control field | 190919s2010 b a|||| |||| 000 0 eng d |
| 020 ## - INTERNATIONAL STANDARD BOOK NUMBER | |
| International Standard Book Number | 9847002001151 |
| 035 ## - SYSTEM CONTROL NUMBER | |
| system control number | (BD-JhCC)11444 |
| 040 ## - CATALOGING SOURCE | |
| Original cataloging agency | BD-JhCC |
| Modifying agency | BD-JhCC |
| 041 ## - LANGUAGE CODE | |
| Language code of Book | eng |
| 082 ## - DEWEY DECIMAL CLASSIFICATION NUMBER | |
| Classification number | 423.1 |
| Author mark and Year | AHU 2010 |
| 100 ## - MAIN ENTRY--PERSONAL NAME | |
| Personal name | Ahuja, B.N. |
| 245 ## - TITLE STATEMENT | |
| Title | Friends' dictionary of synonyms and antonyms / |
| Statement of responsibility, etc | B.N. Ahuja and Jahirul Islam |
| 260 ## - PUBLICATION, DISTRIBUTION, ETC. (IMPRINT) | |
| Place of publication, distribution, etc | Dhaka : |
| Name of publisher, distributor, etc | Friends' Books Center, |
| Date of publication, distribution, etc | 2010 |
| 300 ## - PHYSICAL DESCRIPTION | |
| Pagination | 538 p. : |
| Other physical details | ill.; |
| Dimensions | 20 cm. |
| 490 ## - SERIES STATEMENT | |
| Series statement | Friends' Language Series. |
| 650 ## - SUBJECT ADDED ENTRY--TOPICAL TERM | |
| Topical term or geographic name as entry element | English Language -- synonyms and antonyms |
| 700 ## - ADDED ENTRY--PERSONAL NAME | |
| Personal name | Islam, Jahirul |
| 942 ## - ADDED ENTRY ELEMENTS (KOHA) | |
| Source of classification or shelving scheme | Dewey Decimal Classification |
| Koha item type | Books |
| Koha issues (borrowed), all copies | 4 |
| Source of classification or shelving scheme | Damaged status | Not for loan | Home library | Current library | Shelving location | Date of accession | Cost, normal purchase price | Total Checkouts | Full call number | Barcode | Date last seen | Date checked out | Copy number | Koha item type | Method of acquisition | Currency |
|---|---|---|---|---|---|---|---|---|---|---|---|---|---|---|---|---|
| Dewey Decimal Classification | JCC Rouf Library | JCC Rouf Library | General Stacks | 06/22/2019 | 140.00 | 3 | 423.1 AHU 2010 | 15032 | 06/07/2023 | 05/11/2023 | C-1 | Books | ||||
| Dewey Decimal Classification | JCC Rouf Library | JCC Rouf Library | General Stacks | 05/12/2023 | 140.00 | 3 | 423.1 AHU 2010 | 17721 | 04/25/2024 | 03/05/2024 | C-2 | Books | Purchase | BDT |